Quiz sur une carte - Grèce - Statistiques

Statistiques générales
  • Ce quiz a été pris 2 918 fois
  • Le résultat moyen est 16 sur 38
Réponses sur la Carte
Les réponses sont colorées sur une échelle allant du rouge au vert en fonction du pourcentage des utilisateurs qui les ont devinées à leur premier essai. Vous pouvez retrouver ces pourcentages ci-dessous.
 
Statistiques - réponses
Answers % Correct
643 452 Athènes
99%
Mer Méditerranée
79%
Turquie
77%
Albanie
75%
Mer Egée
75%
Macédoine du Nord
74%
Ancien temple dédié à Athéna, situé sur l'Acropole Parthénon
72%
Ville réputée pour son Colosse et ses fortifications des Hospitaliers Rhodes
72%
Bulgarie
70%
-490 : Bataille des guerres médiques d'après laquelle une course olympique a été nommée Bataille de Marathon
58%
309 617 Thessalonique
56%
Ithaque : Dans ce poème épique d'Homère, un roi essaie de retourner sur cette île Odyssée
55%
Mont Olympe
53%
Milos : Cette statue d'une déesse a été trouvée sur cette île Vénus de Milo
51%
Sparte : Ce roi a co-régné sur la ville aux côtés du roi Leotychidas de 489 à 480 av. J.-C. Léonidas I
50%
Ville insulaire célèbre pour sa vie nocturne Mykonos
48%
Kos : Ce "Père de la Médecine" y est né Hippocrate
44%
Péninsule également appelée Morée Péloponnèse
44%
Groupe d'îles, dont Naxos et Syros Cyclades
43%
Ancienne résidence de la Pythie Delphes
43%
149 501 Héraklion
42%
Mer Ionienne
40%
Canal creusé à travers l'isthme éponyme Canal de Corinthe
37%
168 151 Le Pirée
34%
Zografou : Ce joueur de basket, surnommé le 'Greek Freak', y a fait ses débuts Giannis Antetokounmpo
28%
Santorin
28%
Ancien palais célèbre pour son architecture minoenne Palais de Cnossos
19%
Deuxième plus grande île de Grèce Eubée
18%
Formation rocheuse abritant des monastères chrétiens orthodoxes Météores
18%
Deuxième plus grande ville de Crète La Canée
16%
Crète : Dans ce film, le protagoniste apprend à danser le sirtaki sur cette île Zorba le Grec
15%
170 755 Patras
14%
Mont Athos
12%
Première capitale de la Grèce moderne Nauplie
9%
1827 : Bataille navale décisive de la guerre d'indépendance grecque, entraînant la perte de 60 navires ottomans Bataille de Navarin
4%
Gorge la "plus profonde par rapport à sa largeur" au monde selon le Livre Guinness des records Gorges de Vikos
3%
Pinde
3%
Rhodopes
2%
Aucun quiz correspondant
Distribution des résultats
% des personnes avec chaque résultat
Percentile par nombre de réponses
Votre historique - résultats
Vous n’avez pas pris ce quiz